00347nam a2200133 a 45000010010000000030011000100080041000210350026000620820016000881000023001042450042001272600036001696500008002050000-9312ELIB.Books110520 1981  a(ELIB.Books)0000-9464 a231.8 bKus aKushner, Harold S. aWhen bad things Happen to Good People bNew York: Schocken Books c1981 aGod